The African past : chronicles from antiquity to modern times

Αποθηκεύτηκε σε:
Λεπτομέρειες βιβλιογραφικής εγγραφής
Κύριος συγγραφέας: Davidson, Basil, 1914-2010
Μορφή: Βιβλίο
Γλώσσα:English
Δημοσίευση: New York : The Universal Library, 1967.
Θέματα:
Ετικέτες: Προσθήκη ετικέτας
Δεν υπάρχουν, Καταχωρήστε ετικέτα πρώτοι!

MARC

LEADER 00000cam a2200000 a 4500
001 1/113388
008 170315s1967####nyua ||| |||| ||eng||
040 |a GR-MyUa  |b gre  |c GR-MyUa  |e AACR2 
041 0 |a eng 
082 7 |a 916   |2 (23) 
100 1 |a Davidson, Basil,   |d 1914-2010. 
245 1 4 |a The African past :   |b chronicles from antiquity to modern times /   |c Basil Davidson.  
260 |a New York :   |b The Universal Library,   |c 1967.  
300 |a xix, 392 σ. :   |b εικ. ;   |c 22 εκ.  
500 |a "With illustrations".  
504 |a Περιλαμβάνει βιβλιογραφία.  
651 0 |a Africa  |x Description and travel. 
651 0 |a Africa  |x History. 
852 |a INST  |b LESVOS  |e 20170315  |h 916 DAV  |p 005100058910  |q 005100058910  |t BK  |y 0